000 01210nam a2200229Ii 4500
008 221202s xx 000 0 und d
245 0 _a"Frozen conflicts" in Europe
264 _bVerlag Barbara Budrich
_c2015
300 _a1 online resource
336 _atext
_btxt
_2rdacontent
337 _acomputer
_bc
_2rdamedia
338 _aonline resource
_bcr
_2rdacarrier
520 _aOft forgotten but simmering "frozen conflicts" continuously mark the political map of Europe. All located in South Eastern Europe, the Black Sea area and Transcaucasia, these conflicts run along ethnic, national, cultural and linguistic lines, separating communities. This insightful book offers a rare critical analyses of the cases of Northern Cyprus, Transnistria, Abkhazia, South Ossetia, Nagorno-Karabakh, Kosovo, and Crimea.
653 _aEthnic And National Conflicts
653 _aFrozen Conflicts
653 _aPolitical Science
653 _aSouth Eastern Europe
653 _aTranscaucasia
700 1 _aBebler, Anton
856 _uhttps://docs.google.com/spreadsheets/d/1yKIrdCPDAG_9c22mwoOIO2DOhtj65Wqa/edit?usp=sharing&ouid=106555315294820607512&rtpof=true&sd=true
_yList of Curated E-Books
942 _cE-BOOK
999 _c91401
_d91398